| 000 | 007820000a22002290004500 | ||
|---|---|---|---|
| 090 |
_aAR _b00960 |
||
| 245 | 1 | 0 | _aNotes and spiders, mainly cave-dwelling of southern Mexico and Guatemala (<Araneae>) |
| 650 | 1 | 4 |
_aEntomología _94483 |
| 650 | 1 | 4 |
_aCavernas _993465 |
| 650 | 1 | 4 |
_aBioespeleología _92655 |
| 651 | 4 |
_pMéxico _992749 |
|
| 651 | 4 |
_pGuatemala _992749 |
|
| 653 |
_fDipluridae _gEuagrus _eEuagrus lynceus |
||
| 653 |
_fScitodidae _gLoxsosceles _eLoxosceles yucatana |
||
| 653 |
_fPholcidae _gCoryssocnemis _eCoryssocnemis pecki |
||
| 653 |
_fPholcidae _gModisimus _eModisimus propinquus |
||
| 653 |
_fPholcidae _gModisimus _eModisimus tzotzile |
||
| 041 | 0 | _aEspañol | |
| 100 | 1 |
_aBrignoli, Paolo Marcello _993525 |
|
| 942 | _cARTICULO | ||
| 773 | 1 |
_tPreprint _33 _q1-1 _d1975? |
|
| 999 |
_c10048 _d10048 |
||